000 00991nam a22002417a 4500
001 82185
003 BD-RjUL
005 20231126111041.0
008 231026s2014 bg a|||| m||| 00| 0 eng d
035 _a(BD-RjUL)82185
040 _aBD-RjUL
_beng
_cBD-RjUL
_dBD-RjUL
041 _aeng
082 _223
_a025.5095492
_bROL 2014
100 _aRoy, Partha Biplob
_97040
245 1 0 _aLibrary and information services for the distance learners with special reference to Bangladesh Open University (BOU) /
_cPartha Biplob Roy ;
_6Supervisor : Muhammad Mizanuddin.
260 _aRajshahi :
_bInstitute of Bangladesh Studies, University of Rajshahi,
_c2014
300 _axiii, 196 leaves :
_bill, ;
_c29.cm.
502 _aThesis (Ph. D.) -- Institute of Bangladesh Studies, University of Rajshahi, 2014
504 _aBibliography : Leaves 174 - 187
650 _aServices for users
_vInformation centers
_zBangladesh
_99751
700 _aMizanuddin, Muhammad. Supervisor
_99752
942 _2ddc
_cTHE
999 _c82185
_d82185